000
00359nam a2200133Ia 4500
008
100328s9999 xx 000 0 und d
082
_b
22329
100
_a
नांगरे बलराम
245
_a
दैवरेखा
260
_b
पाठक ग.रा.
630
_a
दैवरेखा
730
_a
दैवरेखा
942
_c
BOOK
999
_c
516232
_d
516229